000 00605nam a2200229Ia 4500
003 OSt
005 20220928102057.0
006 a|||||r|||| 00| 0
007 ta
008 220927b |||||||| |||| 00| 0 eng d
024 _a31683
037 _cTextual
040 _aSDCL
_cSDCL
_beng
041 _2eng
_aeng
082 _aO152vN, L9
100 _aVajpayee Nand Dulare
_9392818
245 0 _aHindi sahitya ka adhunik yug.
260 _aDelhi
_bVaani Prakashan
_c1979
300 _a140p.
_ccm.
942 _hO152vN, L9
_cTEXL
_2CC
999 _c712163
_d712163